| 000 | 00628nam a2200205Ia 4500 | ||
|---|---|---|---|
| 001 | 17698 | ||
| 003 | GE_BSU | ||
| 008 | 181216s||||||||xx |||||||||||||| ||und|| | ||
| 040 | _cGE_BSU | ||
| 100 | _aОвечкин,А.М. Маилян,Р.Л. Мамедов,Г.М. и др. | ||
| 245 | _aСтроительные конструкции. | ||
| 245 | _bУчебник. | ||
| 245 | _cПод ред. А.М.Овечкина и Р.Л.Маиляна. | ||
| 250 | _aИзд. 2-ое, перераб. и доп. | ||
| 260 | _aМ. | ||
| 260 | _bСтройиздат. | ||
| 260 | _c1975. | ||
| 300 | _a487 стр. 27 см. | ||
| 942 | _cBK | ||
| 999 |
_c50746 _d50746 |
||